PATTERN RECOGNITION :an indian adaptation (Record no. 8447)

MARC details
000 -LEADER
fixed length control field 00461nam a22001817a 4500
005 - DATE AND TIME OF LATEST TRANSACTION
control field 20231103132444.0
008 - FIXED-LENGTH DATA ELEMENTS--GENERAL INFORMATION
fixed length control field 231103b |||||||| |||| 00| 0 eng d
020 ## - INTERNATIONAL STANDARD BOOK NUMBER
ISBN 978-93-5424-439-1
041 ## - LANGUAGE CODE
Language code of text/sound track or separate title eng
082 ## - DEWEY DECIMAL CLASSIFICATION NUMBER
Classification number 006.4
100 ## - MAIN ENTRY--AUTHOR NAME
Personal name DUDA,RICHARD.O AND OTHERS
245 ## - TITLE STATEMENT
Title PATTERN RECOGNITION :an indian adaptation
250 ## - EDITION STATEMENT
Edition statement 3RD ED.
260 ## - PUBLICATION, DISTRIBUTION, ETC. (IMPRINT)
Place of publication NEW DELHI
Name of publisher WILEY
Year of publication 2021
300 ## - PHYSICAL DESCRIPTION
Number of Pages 110;p
650 ## - SUBJECT ADDED ENTRY--TOPICAL TERM
Topical Term COMPUTER SCIENCE
942 ## - ADDED ENTRY ELEMENTS (KOHA)
Koha item type Books
Holdings
Lost status Damaged status Collection code Home library Current library Shelving location Date acquired Source of acquisition Cost, normal purchase price Serial Enumeration / chronology Full call number Accession Number Koha item type
    CS/IT JRU Library JRU Library SHELF-72-D 03/11/2023 PURCHASE [LBI000226/29/10/2023] 699.00 NEW ARRIVALS SHELF 006.4 28065 Books
    CS/IT JRU Library JRU Library SHELF-53-D 03/11/2023 PURCHASE [LBI000226/29/10/2023] 699.00   006.4 28066 Books
    CS/IT JRU Library JRU Library SHELF-53-D 03/11/2023 PURCHASE [LBI000226/29/10/2023] 699.00   006.4 28067 Books